00514nam a22001697a 450000500170000000800410001708200170005810000350007524500320011026000400014230000190018265000120020165000210021394200060023495200890024099900150032920241127055414.0241127b |||||||| |||| 00| 0 eng d 222a894bSUN aM.A., Prof. P. Sundaram Pillay aHistory of Tamil Literature aMadrasbPioneer Book Servicesc1909 aXviii, 65 p ., aHistory aTamil Literature cL 001040708LaWERCLbWERCLd2024-11-27l0o894 SUNp1796r2024-11-27w2024-11-27yL c5933d5933